Family law digest : (Record no. 11665)

MARC details
000 -LEADER
fixed length control field 00777nam a22002412 4500
001 - CONTROL NUMBER
control field 0000025369
005 - DATE AND TIME OF LATEST TRANSACTION
control field 20151217154525.0
008 - FIXED-LENGTH DATA ELEMENTS--GENERAL INFORMATION
fixed length control field 150821s xx 000 0 eng d
020 ## - INTERNATIONAL STANDARD BOOK NUMBER
International Standard Book Number 996672379X :
040 ## - CATALOGING SOURCE
Original cataloging agency KABU
Transcribing agency KABU
245 10 - TITLE STATEMENT
Title Family law digest :
Remainder of title matrimonial property /
Statement of responsibility, etc. edited by Charles kanjama & katarina Juma.
250 ## - EDITION STATEMENT
Edition statement ed.
260 ## - PUBLICATION, DISTRIBUTION, ETC. (IMPRINT)
Place of publication, distribution, etc. Nairobi, Kenya :
Name of publisher, distributor, etc. lawAfrica,
Date of publication, distribution, etc. 2013.
300 ## - PHYSICAL DESCRIPTION
Extent 234 p.
650 #0 - SUBJECT ADDED ENTRY--TOPICAL TERM
Topical term or geographic name as entry element Marital Property
General subdivision Kenya.
-- 0000186022
650 #0 - SUBJECT ADDED ENTRY--TOPICAL TERM
Topical term or geographic name as entry element Women rights
General subdivision Kenya.
-- 0000186023
700 1# - ADDED ENTRY--PERSONAL NAME
Personal name Charles Kanjama.
-- 0000186024
700 1# - ADDED ENTRY--PERSONAL NAME
Personal name Katarina Juma.
-- 0000186025
908 ## - PUT COMMAND PARAMETER (RLIN)
Put command parameter 150821
950 ## - LOCAL HOLDINGS (RLIN)
-- 1
Holdings
Withdrawn status Lost status Source of classification or shelving scheme Not for loan Home library Current library Date acquired Total Checkouts Total Renewals Full call number Barcode Date last seen Date last checked out Price effective from Koha item type
    Library of Congress Classification   Kabarak, Main Campus Kabarak, Main Campus 17/12/2015 2 1 KSK552 .A47T36 2013 C.1 019326 05/04/2025 26/03/2025 17/12/2015 General Collection
    Library of Congress Classification   Kabarak, Main Campus Kabarak, Main Campus 17/12/2015 5 2 KSK552 .A47T36 2013 C.2 019313 16/02/2026 19/05/2025 17/12/2015 General Collection
    Library of Congress Classification   Kabarak, Main Campus Kabarak, Main Campus 17/12/2015 3   KSK552 .A473F36 2002 c. 10 019312 01/08/2017 31/07/2017 17/12/2015 General Collection
    Library of Congress Classification   Kabarak, Main Campus Kabarak, Main Campus 17/12/2015 1   KSK552 .A473F36 2002 c. 1 19664 30/07/2016 22/07/2016 17/12/2015 Africana Collection
Designed with assistance from East African Informatics Ltd